LIBRARY & INFORMATION CENTRE, KCAET, TAVANUR

ONLINE PUBLIC ACCESS CATALOGUE (OPAC)

Effect of different fertigation levels and drip layouts on the performance of okra under plastic mulching (Record no. 15152)

MARC details
000 -LEADER
fixed length control field 00808nam a22001937a 4500
003 - CONTROL NUMBER IDENTIFIER
control field OSt
088 ## - REPORT NUMBER
Report number P 234
100 ## - MAIN ENTRY--AUTHOR NAME
Personal name ASWATHY K
245 ## - TITLE STATEMENT
Title Effect of different fertigation levels and drip layouts on the performance of okra under plastic mulching
260 ## - PUBLICATION, DISTRIBUTION, ETC. (IMPRINT)
Place of publication Tavanur 2012
Name of publisher Department of Irrigation And Drainage Engineering
300 ## - PHYSICAL DESCRIPTION
Number of Pages 37
500 ## - GENERAL NOTE
General note Effect of different fertigation levels and drip layouts on the performance of okra under plastic mulching
520 ## - SUMMARY, ETC.
Summary, etc Effect of different fertigation levels and drip layouts on the performance of okra under plastic mulching
700 ## - ADDED ENTRY--PERSONAL NAME
Personal name Preeti Kumari
700 ## - ADDED ENTRY--PERSONAL NAME
Personal name Er. Anu Varughese (Guide)
856 ## - ELECTRONIC LOCATION AND ACCESS
Uniform Resource Identifier https://drive.google.com/open?id=17KHf8a96qe48y3DwWtADkq9dDhbjHfLv
942 ## - ADDED ENTRY ELEMENTS (KOHA)
Koha item type Project Report
Holdings
Collection code Home library Current library Shelving location Full call number Accession Number Koha item type
Reference KAUAET KAUAET Reference 631.587 ASW/EF P 234 Project Report
free website counter